[Event "Battle at the Border"]
[Site "Lloydminster"]
[Date "2007.10.21"]
[Round "3"]
[White "Zeggelaar, Mike"]
[Black "MacKinnon, Keith"]
[Result "0-1"]
[WhiteElo "1528"]
[BlackElo "2056"]
[PlyCount "92"]
[EventDate "2007.10.20"]
[EventType "swiss"]
[EventRounds "4"]
[EventCountry "CAN"]

1. d4 d5 2. c4 c6 3. Nf3 Nf6 4. Nc3 e6 5. Bg5 h6 6. Bxf6 Qxf6 7. e3 g6 8. Be2
Bg7 9. cxd5 exd5 10. b4 O-O 11. O-O Bf5 12. Rc1 Nd7 13. b5 Rfc8 14. Qb3 Qd6 15.
a4 Rab8 16. Rfd1 g5 17. Qa2 Bf8 18. Qd2 Be7 19. Ne1 Qe6 20. Nd3 Nb6 21. Nc5 Qg6
22. g4 Be6 23. Nxe6 Qxe6 24. h3 Bb4 25. Qa2 Qd6 26. a5 Nd7 27. bxc6 bxc6 28. a6
Nf6 29. Bd3 Re8 30. Qc2 Ba5 31. Rb1 Bc7 32. Rxb8 Qh2+ 33. Kf1 Qxh3+ 34. Ke1
Rxb8 35. Bf5 Ba5 36. Ke2 Qg2 37. Rb1 Rxb1 38. Nxb1 Nxg4 39. Bh7+ Kg7 40. Qf5
Qxf2+ 41. Qxf2 Nxf2 42. Kxf2 Kxh7 43. Na3 Bb4 44. Nc2 Bd6 45. Ne1 Kg6 46. Nd3
h5 0-1

[Event "Battle at the Border"]
[Site "Lloydminster"]
[Date "2007.10.21"]
[Round "4"]
[White "Blum, Roger"]
[Black "Yearwood, Roy"]
[Result "0-1"]
[WhiteElo "1864"]
[BlackElo "2117"]
[PlyCount "118"]
[EventDate "2007.10.20"]
[EventType "swiss"]
[EventRounds "4"]
[EventCountry "CAN"]

1. e4 c5 2. Nf3 Nc6 3. d4 cxd4 4. Nxd4 Qb6 5. Nb5 a6 6. Be3 Qa5+ 7. N5c3 Nf6 8.
Nd2 e6 9. Nc4 Qc7 10. Bb6 Qb8 11. Qd2 Bb4 12. f3 d5 13. exd5 exd5 14. Qe3+ Be6
15. Nd2 O-O 16. O-O-O d4 17. Bxd4 Nxd4 18. Qxd4 Bxc3 19. Qxc3 Rc8 20. Qa5 b6
21. Qg5 Qc7 22. Bd3 Bxa2 23. Rhe1 Be6 24. Qe5 Qc6 25. b3 a5 26. Kb1 a4 27. b4
Nd5 28. Be4 Qb5 29. Ka1 Qxb4 30. Qb2 Qxb2+ 31. Kxb2 a3+ 32. Ka1 f5 33. Bd3 Nc3
34. Rc1 Kf7 35. f4 Ra4 36. g3 Rb4 37. Nb1 Rb2 38. Nxc3 Rxc3 39. Re5 Rc5 40.
Rce1 Rxe5 41. Rxe5 Kf6 42. Re1 Rb4 43. Rc1 Rd4 44. Rb1 Rd6 45. Rb4 h5 46. Ra4
a2 47. h4 Bf7 48. Rb4 g6 49. Kb2 Ke7 50. Ra4 Be6 51. Ra7+ Kf6 52. Ra4 Rc6 53.
Rb4 Ke7 54. Ra4 Kd6 55. Ra7 Kc5 56. Ra4 Rd6 57. Kc3 Rd4 58. Ra7 Rb4 59. Rc7+
Kd6 0-1

[Event "Battle at the Border"]
[Site "Lloydminster"]
[Date "2007.10.21"]
[Round "4"]
[White "Chaisson, Terry"]
[Black "Janzen, Tyler"]
[Result "1-0"]
[WhiteElo "1809"]
[BlackElo "1489"]
[PlyCount "65"]
[EventDate "2007.10.20"]
[EventType "swiss"]
[EventRounds "4"]
[EventCountry "CAN"]

1. e4 e6 2. d4 d5 3. Nd2 Nf6 4. e5 Nfd7 5. Ngf3 c5 6. c3 Nc6 7. Bb5 Qb6 8. Bxc6
bxc6 9. O-O cxd4 10. cxd4 c5 11. Nb3 cxd4 12. Qxd4 Ba6 13. Re1 Bc5 14. Nxc5
Qxc5 15. Qg4 Rg8 16. Ng5 Qc4 17. f4 Nxe5 18. Qh5 Ng6 19. f5 Qb4 20. Be3 Qh4 21.
Qxh4 Nxh4 22. fxe6 fxe6 23. Bf2 Kd7 24. Bxh4 Rge8 25. Nf3 Rab8 26. Ne5+ Kd6 27.
Bg3 Rb5 28. Rac1 Ke7 29. Rc7+ Kf6 30. Rf1+ Kg5 31. Rxg7+ Kh6 32. Rxa7 Rb6 33.
Bf4+ 1-0

[Event "Battle at the Border"]
[Site "Lloydminster"]
[Date "2007.10.21"]
[Round "4"]
[White "Corsmeier, Tom"]
[Black "Achtemichuk, Chris"]
[Result "1-0"]
[WhiteElo "1495"]
[BlackElo "1749"]
[PlyCount "87"]
[EventDate "2007.10.20"]
[EventType "swiss"]
[EventRounds "4"]
[EventCountry "CAN"]

1. f4 Nf6 2. b3 d5 3. Bb2 Bf5 4. Nf3 c5 5. e3 Nc6 6. Bb5 Qc7 7. O-O a6 8. Bxc6+
Qxc6 9. Ne5 Qb6 10. d3 Rd8 11. Nd2 e6 12. g4 Bg6 13. Qe1 Nd7 14. f5 Nxe5 15.
Bxe5 exf5 16. gxf5 Bxf5 17. Qf2 Bg6 18. Rae1 Qe6 19. Bg3 Be7 20. e4 d4 21. Nf3
O-O 22. Ne5 Bg5 23. Qf3 Qh3 24. Nxg6 fxg6 25. Qe2 Be3+ 26. Kh1 b5 27. Rf3 Rxf3
28. Qxf3 Rf8 29. Qe2 Qe6 30. c4 h5 31. Rf1 Rxf1+ 32. Qxf1 Qg4 33. Bd6 Qc8 34.
Qg2 g5 35. e5 h4 36. Qd5+ Kh8 37. e6 h3 38. e7 Qe8 39. Qf3 Kh7 40. Qxh3+ Kg6
41. Qe6+ Kh5 42. Qe4 g6 43. Kg2 g4 44. Kg3 1-0

[Event "Battle at the Border"]
[Site "Lloydminster"]
[Date "2007.10.21"]
[Round "4"]
[White "Gardner, Robert"]
[Black "Monaghan, Jim"]
[Result "1-0"]
[WhiteElo "2260"]
[BlackElo "2090"]
[PlyCount "57"]
[EventDate "2007.10.20"]
[EventType "swiss"]
[EventRounds "4"]
[EventCountry "CAN"]

1. f4 Nf6 2. Nf3 g6 3. e3 Bg7 4. Be2 O-O 5. O-O b6 6. c4 c5 7. d4 cxd4 8. exd4
d5 9. Nc3 dxc4 10. Bxc4 Ba6 11. Bxa6 Nxa6 12. Ne5 e6 13. b3 Rc8 14. Nb5 Qd5 15.
a4 Nb4 16. Nxa7 Rc2 17. Rf3 Ra8 18. Ba3 Rxa7 19. Bxb4 Rc8 20. Rd3 Ne4 21. Rc1
Rac7 22. Rxc7 Rxc7 23. Nc4 Qb7 24. d5 exd5 25. Rxd5 h6 26. Rd8+ Kh7 27. Qd5 b5
28. axb5 Qa7+ 29. b6 1-0

[Event "Battle at the Border"]
[Site "Lloydminster"]
[Date "2007.10.21"]
[Round "4"]
[White "Hughey, Micah"]
[Black "McIntyre, John"]
[Result "1-0"]
[WhiteElo "2120"]
[BlackElo "1891"]
[PlyCount "43"]
[EventDate "2007.10.20"]
[EventType "swiss"]
[EventRounds "4"]
[EventCountry "CAN"]

1. e4 Nf6 2. Nc3 e5 3. Nf3 Nc6 4. d4 exd4 5. Nxd4 Bc5 6. Nxc6 bxc6 7. Bd3 d5 8.
Bg5 Bxf2+ 9. Kxf2 d4 10. Nb1 O-O 11. Qf3 Nxe4+ 12. Qxe4 f5 13. Qh4 Qd5 14. Nd2
Be6 15. Rhe1 Rae8 16. Be7 Bf7 17. Bxf8 Re3 18. Bc4 Qe5 19. Bxf7+ Kxf8 20. Bc4
g5 21. Qh6+ Ke8 22. Qe6+ 1-0

[Event "Battle at the Border"]
[Site "Lloydminster"]
[Date "2007.10.21"]
[Round "4"]
[White "Johnson, Ron"]
[Black "Zeggelaar, Mike"]
[Result "0-1"]
[WhiteElo "1420"]
[BlackElo "1528"]
[PlyCount "58"]
[EventDate "2007.10.20"]
[EventType "swiss"]
[EventRounds "4"]
[EventCountry "CAN"]

1. e4 e5 2. Nf3 Nc6 3. d4 exd4 4. Nxd4 Bc5 5. Nxc6 dxc6 6. Qxd8+ Kxd8 7. Bd3
Nf6 8. O-O Re8 9. Bg5 Bd4 10. c3 h6 11. cxd4 hxg5 12. Nd2 Be6 13. Nf3 Nh7 14.
b3 g4 15. Ne5 f6 16. Ng6 Nf8 17. Nf4 Bd7 18. Rfe1 g5 19. Nh5 Ke7 20. Ng7 Red8
21. Nf5+ Kf7 22. Bc4+ Ne6 23. Nh6+ Kg6 24. Nxg4 Nxd4 25. Ne3 b5 26. Bf1 a5 27.
g3 Nf3+ 28. Kg2 Nxe1+ 29. Rxe1 Be6 0-1

[Event "Battle at the Border"]
[Site "Lloydminster"]
[Date "2007.10.21"]
[Round "4"]
[White "MacKinnon, Keith"]
[Black "Carverhill, Nic"]
[Result "1-0"]
[WhiteElo "2056"]
[BlackElo "1370"]
[PlyCount "73"]
[EventDate "2007.10.20"]
[EventType "swiss"]
[EventRounds "4"]
[EventCountry "CAN"]

1. e4 e5 2. Nf3 Nc6 3. Bb5 f5 4. Nc3 fxe4 5. Nxe4 d5 6. Nxe5 dxe4 7. Nxc6 Qd5
8. c4 Qd6 9. Qh5+ g6 10. Qe5+ Qxe5 11. Nxe5+ c6 12. Ba4 Bg7 13. d4 exd3 14.
Nxd3 Bf5 15. Ke2 O-O-O 16. Rd1 Nh6 17. Bc2 Nf7 18. Be3 Bxb2 19. Nxb2 Bxc2 20.
Rd2 Bf5 21. Rxd8+ Rxd8 22. Bxa7 Ne5 23. Rc1 Kc7 24. Be3 Nf7 25. a4 h6 26. a5
Re8 27. Ra1 Ra8 28. Na4 g5 29. Nb6 Rd8 30. Ra3 Ne5 31. h4 Bd3+ 32. Ke1 gxh4 33.
Bf4 Kb8 34. Bxe5+ Ka7 35. Bf6 Re8+ 36. Kd2 Be4 37. Re3 1-0

[Event "Battle at the Border"]
[Site "Lloydminster"]
[Date "2007.10.21"]
[Round "4"]
[White "Moshynsky, Igor"]
[Black "Robinson, Steve"]
[Result "1-0"]
[WhiteElo "1594"]
[BlackElo "1453"]
[PlyCount "47"]
[EventDate "2007.10.20"]
[EventType "swiss"]
[EventRounds "4"]
[EventCountry "CAN"]

1. e4 e5 2. Nf3 Nc6 3. Bc4 Nf6 4. d3 Be7 5. Nc3 d6 6. h3 O-O 7. Nh2 Bd7 8. a3
Be6 9. Nd5 Na5 10. Nxe7+ Qxe7 11. Bxe6 fxe6 12. Bg5 Qf7 13. Qd2 Nc6 14. O-O-O
Nd4 15. Ng4 Nd7 16. h4 Nc5 17. Kb1 d5 18. Nxe5 Qxf2 19. Be7 Qxd2 20. Rxd2 Ndb3
21. cxb3 Nxb3 22. Rdd1 Rf4 23. Rhf1 Rxh4 24. Bxh4 1-0

[Event "Battle at the Border"]
[Site "Lloydminster"]
[Date "2007.10.21"]
[Round "4"]
[White "Nolan, Pat"]
[Black "Danner, Jason"]
[Result "0-1"]
[WhiteElo "1445"]
[BlackElo "1739"]
[PlyCount "80"]
[EventDate "2007.10.20"]
[EventType "swiss"]
[EventRounds "4"]
[EventCountry "CAN"]

1. d4 Nf6 2. c4 e6 3. Bg5 Be7 4. Nc3 d5 5. Nf3 O-O 6. e3 Nbd7 7. Qc2 h6 8. Bf4
dxc4 9. Bxc4 Nb6 10. Bd3 Nbd5 11. Nxd5 Nxd5 12. Bg3 Nb4 13. Qc3 Nxd3+ 14. Qxd3
Bb4+ 15. Nd2 c5 16. O-O cxd4 17. exd4 b6 18. a3 Bc5 19. Nf3 Bb7 20. Rad1 Be7
21. Ne5 Bf6 22. Rfe1 Qd5 23. Nf3 Rfd8 24. Be5 Bg5 25. Re2 a5 26. Rde1 Rd7 27.
a4 Be7 28. Rc1 f6 29. Bg3 e5 30. Qc4 Qxc4 31. Rxc4 Bd5 32. Rc1 Bxf3 33. gxf3
Rxd4 34. b3 Bc5 35. Re4 Rad8 36. Kf1 Rd3 37. f4 exf4 38. Bxf4 Rxb3 39. Re6 Rf3
40. Bg3 Rd2 0-1

[Event "Battle at the Border"]
[Site "Lloydminster"]
[Date "2007.10.21"]
[Round "4"]
[White "Regimbald, Adrien"]
[Black "Bjerke, Silje"]
[Result "1/2-1/2"]
[WhiteElo "1967"]
[BlackElo "2186"]
[PlyCount "71"]
[EventDate "2007.10.20"]
[EventType "swiss"]
[EventRounds "4"]
[EventCountry "CAN"]

1. c4 Nf6 2. Nc3 c5 3. Nf3 g6 4. e3 Bg7 5. d4 O-O 6. Bd3 d5 7. O-O cxd4 8. Nxd4
Nc6 9. Nf3 b6 10. Qe2 dxc4 11. Bxc4 Bb7 12. Rd1 Qc8 13. Bd2 Nd7 14. Rac1 Qb8
15. Be1 Nde5 16. Nxe5 Nxe5 17. Bd5 Rc8 18. h3 Bxd5 19. Nxd5 Qb7 20. Bc3 e6 21.
Nf4 Rd8 22. Nd3 Qa6 23. Nf4 b5 24. a3 Rac8 25. Bd4 Qb7 26. Rxc8 Rxc8 27. Nd3
Nxd3 28. Qxd3 Rd8 29. Qb3 Qd7 30. Rc1 Bxd4 31. exd4 Qd5 32. Qxd5 Rxd5 33. Rd1
e5 34. Kf1 exd4 35. Ke2 f5 36. Rc1 1/2-1/2

[Event "Battle at the Border"]
[Site "Lloydminster"]
[Date "2007.10.21"]
[Round "4"]
[White "Sasata, Robert"]
[Black "Bae, Torstein"]
[Result "1/2-1/2"]
[WhiteElo "2350"]
[BlackElo "2383"]
[PlyCount "50"]
[EventDate "2007.10.20"]
[EventType "swiss"]
[EventRounds "4"]
[EventCountry "CAN"]

1. d4 Nf6 2. c4 g6 3. f3 d5 4. cxd5 Nxd5 5. e4 Nb6 6. Nc3 Bg7 7. Be3 O-O 8. Qd2
Nc6 9. O-O-O f5 10. h4 e5 11. d5 Nd4 12. h5 c6 13. hxg6 hxg6 14. exf5 cxd5 15.
g4 gxf5 16. Qh2 Qf6 17. Qh7+ Kf7 18. Rh6 Rh8 19. Rxf6+ Kxf6 20. Qxh8 Bxh8 21.
Rxd4 Be6 22. Rd1 d4 23. gxf5 Bxf5 24. Bxd4 exd4 25. Rxd4 Ke7 1/2-1/2

[Event "Battle at the Border"]
[Site "Lloydminster"]
[Date "2007.10.21"]
[Round "4"]
[White "Steer, David"]
[Black "Soerensen, Lyndon"]
[Result "0-1"]
[WhiteElo "1587"]
[BlackElo "1862"]
[PlyCount "120"]
[EventDate "2007.10.20"]
[EventType "swiss"]
[EventRounds "4"]
[EventCountry "CAN"]

1. e4 c5 2. Nf3 a6 3. d4 e6 4. c4 Be7 5. Nc3 Qc7 6. d5 d6 7. Bd3 Nf6 8. O-O b6
9. a4 Bb7 10. Re1 Nbd7 11. b3 Ng4 12. Bb2 Nge5 13. Nxe5 Nxe5 14. f4 Ng6 15. Ne2
Bf6 16. e5 dxe5 17. Bxg6 hxg6 18. Qd2 O-O-O 19. fxe5 Bxe5 20. Bxe5 Qxe5 21. Qf4
Qh5 22. h3 g5 23. Qe5 exd5 24. Ng3 Qh4 25. Nf5 Qf4 26. Ne7+ Kd7 27. Nxd5 Qd4+
28. Qxd4 cxd4 29. Re7+ Kc8 30. Nxb6+ Kb8 31. Rd1 Bc6 32. Rxf7 Rhe8 33. b4 d3
34. Rd2 Re2 35. Rf2 Re1+ 36. Kh2 Be4 37. Nd5 Rc1 38. Ne3 Ra1 39. Nd1 Rd4 40.
Nc3 Bg6 41. Rf8+ Kc7 42. Rg8 Rd7 43. Nd5+ Kd6 44. b5 axb5 45. axb5 Rc1 46. Rf8
Rc2 47. Rff2 Kc5 48. Ne3 Rc1 49. Rf8 Kd4 50. Nd1 Rxc4 51. Ra8 Rc2 52. Ra4+ Kc5
53. Ra2 Kxb5 54. Ne3 Rxa2 55. Rxa2 d2 56. Ra1 Kb4 57. Kg1 Kb3 58. Kf2 Kb2 59.
Rd1 Bc2 60. Nc4+ Kc3 0-1

[Event "Southern Alberta Open"]
[Site "Calgary"]
[Date "2007.11.17"]
[Round "1"]
[White "Bae, Torstein"]
[Black "Daniluk, Jim"]
[Result "1-0"]
[WhiteElo "2402"]
[BlackElo "2037"]
[PlyCount "61"]
[EventDate "2007.11.17"]
[EventType "swiss"]
[EventRounds "5"]
[EventCountry "CAN"]

1. e4 c5 2. Nf3 Nc6 3. Bb5 Na5 4. O-O a6 5. Be2 d6 6. Re1 Nf6 7. Bf1 g6 8. c3
Bg7 9. d4 O-O 10. h3 b6 11. Bf4 Bb7 12. d5 b5 13. Bh2 Re8 14. Nbd2 Nd7 15. Rc1
Nb6 16. b4 Nac4 17. Nxc4 bxc4 18. bxc5 dxc5 19. Nd2 f5 20. Nxc4 Nxc4 21. Bxc4
fxe4 22. Rxe4 Kh8 23. Qb3 Bc8 24. Rce1 Bd7 25. R4e3 Bf6 26. Bd3 Qa5 27. c4 Rf8
28. Bg3 Ra7 29. Be5 Ba4 30. Qb2 Qd8 31. Qa3 1-0

[Event "Southern Alberta Open"]
[Site "Calgary"]
[Date "2007.11.17"]
[Round "1"]
[White "Gardner, Robert"]
[Black "Milne, Arthur"]
[Result "1-0"]
[WhiteElo "2261"]
[BlackElo "1881"]
[PlyCount "41"]
[EventDate "2007.11.17"]
[EventType "swiss"]
[EventRounds "5"]
[EventCountry "CAN"]

1. f4 g6 2. Nf3 Bg7 3. e4 c5 4. Be2 Nc6 5. c3 d5 6. d3 Bg4 7. Be3 Bxf3 8. Bxf3
d4 9. Bf2 Nf6 10. O-O O-O 11. Qc2 Qd7 12. h3 Rac8 13. c4 e5 14. Bg3 Qe7 15. a3
Bh6 16. f5 Ne8 17. Bg4 Rb8 18. Nd2 Be3+ 19. Kh2 Bxd2 20. Qxd2 g5 21. f6 1-0

[Event "Southern Alberta Open"]
[Site "Calgary"]
[Date "2007.11.17"]
[Round "1"]
[White "Pedersen, Rick"]
[Black "Huber, Greg"]
[Result "0-1"]
[WhiteElo "1927"]
[BlackElo "2327"]
[PlyCount "82"]
[EventDate "2007.11.17"]
[EventType "swiss"]
[EventRounds "5"]
[EventCountry "CAN"]

1. e4 c5 2. Nf3 d6 3. d4 cxd4 4. Nxd4 a6 5. c4 Nf6 6. Nc3 e6 7. Be3 Qc7 8. Be2
b6 9. O-O Bb7 10. f3 Nbd7 11. Qd2 Be7 12. Rac1 O-O 13. b3 Rac8 14. g4 h6 15.
Rf2 Nh7 16. Rg2 Rfe8 17. f4 Qb8 18. Bd3 Qa8 19. g5 hxg5 20. Nde2 Nhf6 21. Qc2
g4 22. Ng3 Nc5 23. Bxc5 Rxc5 24. Rf2 b5 25. b4 Rc7 26. cxb5 axb5 27. Qb2 Rec8
28. Rfc2 Qa7+ 29. Kf1 Qe3 30. Rd1 Qxf4+ 31. Rf2 Qe3 32. Qe2 Qxe2+ 33. Ncxe2 d5
34. exd5 Nxd5 35. Rb1 Bxb4 36. Ne4 Ne3+ 37. Kg1 Bxe4 38. Bxe4 Bc5 39. Kh1 b4
40. Nf4 Nd5 41. Rff1 Nc3 0-1

[Event "Southern Alberta Open"]
[Site "Calgary"]
[Date "2007.11.17"]
[Round "1"]
[White "Vasilev, Stephan"]
[Black "Gold, Itohan"]
[Result "1-0"]
[WhiteElo "1543"]
[BlackElo "2247"]
[PlyCount "67"]
[EventDate "2007.11.17"]
[EventType "swiss"]
[EventRounds "5"]
[EventCountry "CAN"]

1. e4 c5 2. Nf3 d6 3. d4 cxd4 4. Nxd4 Nf6 5. Nc3 a6 6. g3 e5 7. Nde2 Bg4 8. Bg2
Nc6 9. O-O Nd4 10. f3 Nxe2+ 11. Qxe2 Be6 12. Kh1 b5 13. Rd1 b4 14. Nd5 Bxd5 15.
exd5 Be7 16. f4 exf4 17. Bxf4 O-O 18. a3 bxa3 19. Rxa3 a5 20. b4 Re8 21. Rda1
Bf8 22. Qf1 Rc8 23. bxa5 Rxc2 24. R1a2 Rxa2 25. Rxa2 Qb8 26. a6 Qb3 27. Ra1 Qb6
28. Qg1 Qb2 29. a7 Ra8 30. Be3 Nd7 31. Rb1 Qc2 32. Rb7 Qc8 33. Qb1 g6 34. Qb5
1-0

[Event "Southern Alberta Open"]
[Site "Calgary"]
[Date "2007.11.17"]
[Round "1"]
[White "Zeggelaar, Mike"]
[Black "Hughey, Micah"]
[Result "1/2-1/2"]
[WhiteElo "1528"]
[BlackElo "2124"]
[PlyCount "79"]
[EventDate "2007.11.17"]
[EventType "swiss"]
[EventRounds "5"]
[EventCountry "CAN"]

1. d4 d5 2. c4 e6 3. Nf3 c5 4. cxd5 exd5 5. Nc3 Nc6 6. Bg5 Be7 7. Bxe7 Ngxe7 8.
e3 c4 9. b3 b5 10. bxc4 bxc4 11. Be2 O-O 12. O-O Bf5 13. Qa4 Rb8 14. Rfe1 Rb2
15. Rac1 h6 16. Bf1 Qc7 17. Qd1 Rfb8 18. Nxd5 Nxd5 19. e4 c3 20. exf5 Rxa2 21.
Bc4 Ra5 22. Bxd5 Rxd5 23. Rxc3 Qd6 24. Qa4 Rb6 25. Re8+ Kh7 26. Ng5+ hxg5 27.
Rh3+ Qh6 28. Rxh6+ gxh6 29. h3 Rxd4 30. Qa2 Kg7 31. Qa3 Rbb4 32. Qe3 Rd6 33.
Qc3+ Rbd4 34. Rc8 Ne5 35. Qa5 Nc6 36. Qc3 Ne5 37. f6+ Kxf6 38. Rg8 Rc4 39. Qa3
Rd1+ 40. Kh2 1/2-1/2

[Event "Southern Alberta Open"]
[Site "Calgary"]
[Date "2007.11.17"]
[Round "2"]
[White "Daniluk, Jim"]
[Black "Davies, Jack"]
[Result "1-0"]
[WhiteElo "2037"]
[BlackElo "1681"]
[PlyCount "71"]
[EventDate "2007.11.17"]
[EventType "swiss"]
[EventRounds "5"]
[EventCountry "CAN"]

1. d4 Nf6 2. Nf3 g6 3. c4 c5 4. d5 e6 5. Nc3 exd5 6. cxd5 d6 7. e4 Bg7 8. Bb5+
Bd7 9. Bd3 O-O 10. h3 Na6 11. O-O Nc7 12. a4 a6 13. Bf4 Nfe8 14. e5 dxe5 15.
Nxe5 Bc8 16. d6 Nxd6 17. Nc4 Nxc4 18. Bxc4 Ne6 19. Bd6 Re8 20. a5 Bd4 21. Bg3
Nc7 22. Na4 Be6 23. Nb6 Bxc4 24. Nxc4 Nd5 25. Qb3 Re2 26. Nd6 Qg5 27. Nxf7 Rxb2
28. Qf3 Qf6 29. Nh6+ Kg7 30. Qxd5 Kxh6 31. Rfb1 Rxb1+ 32. Rxb1 Rf8 33. Rf1 Qg5
34. Qd6 Rf6 35. Qc7 b5 36. axb6 1-0

[Event "Southern Alberta Open"]
[Site "Calgary"]
[Date "2007.11.17"]
[Round "2"]
[White "Gold, Itohan"]
[Black "Zeggelaar, Mike"]
[Result "1-0"]
[WhiteElo "2247"]
[BlackElo "1528"]
[PlyCount "79"]
[EventDate "2007.11.17"]
[EventType "swiss"]
[EventRounds "5"]
[EventCountry "CAN"]

1. e4 e5 2. Nf3 Nc6 3. d4 exd4 4. Nxd4 Qf6 5. Be3 Bc5 6. c3 Nge7 7. g3 O-O 8.
Bg2 Nxd4 9. cxd4 Bb4+ 10. Nc3 Qa6 11. a3 Bxc3+ 12. bxc3 d6 13. Qe2 Qxe2+ 14.
Kxe2 b6 15. f4 Bb7 16. Rhg1 f5 17. e5 Bxg2 18. Rxg2 d5 19. Kd3 b5 20. a4 Rfb8
21. axb5 Rxb5 22. Rga2 a5 23. Ra4 Nc6 24. c4 Rb3+ 25. Ke2 Rb2+ 26. Kf3 dxc4 27.
Rxc4 Nb4 28. Rxc7 Nd5 29. Rc5 Nxe3 30. Kxe3 Rab8 31. Rac1 a4 32. Rc8+ Rxc8 33.
Rxc8+ Kf7 34. d5 a3 35. e6+ Ke7 36. Kd4 Rd2+ 37. Ke5 a2 38. Rc7+ Kd8 39. Ra7
Re2+ 40. Kd6 1-0

[Event "Southern Alberta Open"]
[Site "Calgary"]
[Date "2007.11.17"]
[Round "2"]
[White "Haessel, Dale"]
[Black "Bae, Torstein"]
[Result "0-1"]
[WhiteElo "2250"]
[BlackElo "2402"]
[PlyCount "60"]
[EventDate "2007.11.17"]
[EventType "swiss"]
[EventRounds "5"]
[EventCountry "CAN"]

1. d4 Nf6 2. c4 g6 3. g3 Bg7 4. Bg2 d5 5. Nc3 dxc4 6. Nf3 O-O 7. Qa4 a6 8. Qxc4
b5 9. Qb3 Bb7 10. O-O Nc6 11. Rd1 Na5 12. Qc2 Rc8 13. Bf4 Qe8 14. Rac1 Nc4 15.
Ne5 Bxg2 16. Kxg2 c5 17. Nxc4 cxd4 18. Rxd4 bxc4 19. Ne4 e5 20. Nxf6+ Bxf6 21.
Re4 Qc6 22. Bh6 Rfd8 23. Qxc4 Qa8 24. Qa4 Rxc1 25. Bxc1 Rd4 26. Qxd4 exd4 27.
f3 h5 28. b4 Qc6 29. Bb2 d3 30. Bxf6 Qxe4 0-1

[Event "Southern Alberta Open"]
[Site "Calgary"]
[Date "2007.11.17"]
[Round "2"]
[White "Hughey, Micah"]
[Black "Vasilev, Stephan"]
[Result "0-1"]
[WhiteElo "2124"]
[BlackElo "1543"]
[PlyCount "68"]
[EventDate "2007.11.17"]
[EventType "swiss"]
[EventRounds "5"]
[EventCountry "CAN"]

1. e4 c5 2. c3 Qa5 3. Nf3 Nc6 4. Na3 e5 5. Nc4 Qc7 6. d4 d6 7. d5 Nce7 8. a4
Ng6 9. Bd3 Nf6 10. O-O Be7 11. h3 O-O 12. Qe2 Nh5 13. Qc2 Nhf4 14. Rd1 Bd7 15.
Kh2 Qc8 16. Bf1 f5 17. Nfd2 Rf7 18. g3 Nh5 19. Bg2 f4 20. g4 f3 21. gxh5 fxg2
22. hxg6 Rxf2 23. gxh7+ Kh8 24. Qd3 Bxh3 25. Rg1 Bg5 26. Nb3 Rf4 27. Rxg2 Bxg2
28. Bxf4 Bxf4+ 29. Kxg2 Qg4+ 30. Kf2 Rf8 31. Ke1 Qg1+ 32. Ke2 Bc1 33. Rxc1 Rf2+
34. Ke3 Qg3# 0-1

[Event "Southern Alberta Open"]
[Site "Calgary"]
[Date "2007.11.17"]
[Round "2"]
[White "MacKinnon, Keith"]
[Black "Gardner, Robert"]
[Result "0-1"]
[WhiteElo "2058"]
[BlackElo "2261"]
[PlyCount "52"]
[EventDate "2007.11.17"]
[EventType "swiss"]
[EventRounds "5"]
[EventCountry "CAN"]

1. e4 d6 2. d4 Nf6 3. Nc3 g6 4. Bc4 Bg7 5. Qe2 Nc6 6. e5 Ng4 7. Bb5 O-O 8. Bxc6
bxc6 9. Nf3 c5 10. dxc5 Nxe5 11. Nxe5 Bxe5 12. Bd2 Rb8 13. O-O-O Be6 14. Kb1
Qc8 15. b3 Bg7 16. Qe3 Qa6 17. Ne4 Rb5 18. cxd6 cxd6 19. Bc3 Bxc3 20. Nxc3 Re5
21. Qd4 Rc8 22. Kb2 Rec5 23. Rd3 Bf5 24. Rf3 e5 25. Qb4 d5 26. g4 Be4 0-1

[Event "Southern Alberta Open"]
[Site "Calgary"]
[Date "2007.11.17"]
[Round "2"]
[White "Yearwood, Roy"]
[Black "Wojtas, Artur"]
[Result "1-0"]
[WhiteElo "2119"]
[BlackElo "1754"]
[PlyCount "117"]
[EventDate "2007.11.17"]
[EventType "swiss"]
[EventRounds "5"]
[EventCountry "CAN"]

1. c4 g6 2. Nc3 Bg7 3. g3 c5 4. Bg2 Nc6 5. b3 d6 6. Bb2 e5 7. e3 Nge7 8. Nge2
O-O 9. O-O Rb8 10. Nd5 Nxd5 11. Bxd5 Bh3 12. Re1 Nb4 13. d4 Nxd5 14. cxd5 Qf6
15. dxe5 dxe5 16. f4 Qf5 17. fxe5 g5 18. e4 Qf3 19. Nf4 Qxd1 20. Raxd1 gxf4 21.
gxf4 f5 22. Rd3 Bg4 23. Rg3 Kh8 24. Kf2 Bh5 25. Reg1 Bg6 26. Rh3 Kg8 27. exf5
Rxf5 28. Ke3 Rd8 29. d6 Kf8 30. Rg2 b6 31. Rf2 Ke8 32. Rg2 Bf8 33. Rd2 Kd7 34.
Rg2 Re8 35. Kf3 Bh5+ 36. Ke4 Bg6 37. Kf3 Ke6 38. Rhg3 Bh5+ 39. Ke4 Bh6 40. Bc1
Ref8 41. Rg8 R8f7 42. Re8+ Kd7 43. Ra8 Kc6 44. Rc8+ Kd7 45. Rgg8 Rf8 46. Rc7+
Kd8 47. Rxf8+ Rxf8 48. e6 Bg6+ 49. Kf3 Re8 50. e7+ Rxe7 51. Rxe7 Bf8 52. Rxa7
Bxd6 53. Bb2 b5 54. Be5 Be7 55. Ra6 Kd7 56. Rb6 b4 57. Ra6 Bf5 58. Ke3 Bg6 59.
Bf6 1-0

[Event "Southern Alberta Open"]
[Site "Calgary"]
[Date "2007.11.17"]
[Round "3"]
[White "Bjerke, Silje"]
[Black "Pellerin, Frank"]
[Result "1-0"]
[WhiteElo "2164"]
[BlackElo "1828"]
[PlyCount "87"]
[EventDate "2007.11.17"]
[EventType "swiss"]
[EventRounds "5"]
[EventCountry "CAN"]

1. e4 e5 2. Nf3 Nc6 3. Bb5 Nf6 4. O-O d6 5. d4 exd4 6. Nxd4 Bd7 7. Nc3 Be7 8.
Bxc6 bxc6 9. Bf4 O-O 10. Re1 c5 11. Nf3 Nh5 12. Be3 Bf6 13. e5 dxe5 14. Bxc5
Re8 15. Nxe5 Rxe5 16. Rxe5 Bxe5 17. Qxh5 Bxc3 18. bxc3 Qf6 19. Rd1 Qf5 20. Qxf5
Bxf5 21. a3 a6 22. h3 Bxc2 23. Rd7 Rc8 24. g4 Bb3 25. f4 Be6 26. Re7 g6 27. Kf2
Kg7 28. Bd4+ Kf8 29. Bf6 c6 30. Ra7 Bc4 31. Ke3 c5 32. Be7+ Ke8 33. f5 gxf5 34.
gxf5 Rc6 35. f6 Be6 36. h4 h6 37. Kf4 Bc8 38. Ke5 Be6 39. Ra8+ Bc8 40. Kd5 Kd7
41. Rb8 Rc7 42. Bxc5 Bb7+ 43. Kd4 Ke6 44. Be7 1-0

[Event "Southern Alberta Open"]
[Site "Calgary"]
[Date "2007.11.17"]
[Round "3"]
[White "Gardner, Robert"]
[Black "Yearwood, Roy"]
[Result "1-0"]
[WhiteElo "2261"]
[BlackElo "2119"]
[PlyCount "71"]
[EventDate "2007.11.17"]
[EventType "swiss"]
[EventRounds "5"]
[EventCountry "CAN"]

1. f4 Nc6 2. Nf3 d6 3. e4 e5 4. d3 g6 5. Be2 Bg7 6. c3 Nge7 7. O-O O-O 8. d4
exd4 9. cxd4 Bg4 10. Be3 d5 11. e5 Nf5 12. Bf2 Bh6 13. Qd2 f6 14. Nc3 Kh8 15.
Rae1 fxe5 16. dxe5 Bxf3 17. Bxf3 d4 18. Nd5 Ng7 19. g3 Ne6 20. Qd3 Rf5 21. Nf6
Bxf4 22. Bxc6 bxc6 23. gxf4 Nxf4 24. Qb3 Qf8 25. Bg3 Rb8 26. Qc2 d3 27. Qc3
Ne2+ 28. Rxe2 Rxf1+ 29. Kxf1 dxe2+ 30. Kxe2 Qe7 31. b3 Qe6 32. Qd4 Kg7 33. Qd7+
Qf7 34. e6 Qxd7 35. exd7 Rd8 36. Bxc7 1-0

[Event "Southern Alberta Open"]
[Site "Calgary"]
[Date "2007.11.17"]
[Round "3"]
[White "Pedersen, Rick"]
[Black "Gold, Itohan"]
[Result "1-0"]
[WhiteElo "1927"]
[BlackElo "2247"]
[PlyCount "51"]
[EventDate "2007.11.17"]
[EventType "swiss"]
[EventRounds "5"]
[EventCountry "CAN"]

1. e4 c5 2. Nf3 d6 3. d4 cxd4 4. Nxd4 Nf6 5. Nc3 a6 6. Bc4 e6 7. Bb3 b5 8. Bg5
Be7 9. Qf3 Qc7 10. O-O O-O 11. Nce2 Bb7 12. Bxf6 Bxf6 13. Bxe6 fxe6 14. Nxe6
Qxc2 15. Nxf8 Kxf8 16. Rac1 Qxe4 17. Rc8+ Ke7 18. Rc7+ Nd7 19. Rxb7 Qxf3 20.
gxf3 Bxb2 21. Nf4 Kd8 22. Ne6+ Ke7 23. Re1 Be5 24. f4 Kxe6 25. fxe5 Nxe5 26. f4
1-0